000 00614nam a2200205Ia 4500
003 GCL
008 140319s9999 xx 000 0 eng d
020 _a0812923707
040 _aGCL /
_cGCL
082 0 4 _a649.8
_bC H
100 1 _aCARTER, ROSALYM
245 1 0 _aHELPING YOURSELF HELP OTHERS :
_bA BOOK FOR CAREGIVERS /
_cCARTER, ROSALYM
700 1 _aGALANT, SUSAN K.
260 _aنيويورك :
_bTIMES BOOKS ،
_c1994
300 _a22 CM ؛
_cV111, 278 P
650 0 4 _aHOME CARE SERVICES
650 0 4 _aCHRONICALLY ILL - FAMILY RELATIONSHIPS
650 0 4 _aCHRONICALLY ILL - HOME CARE
942 _2ddc
_cBK
999 _c4839
_d4839